Provinces and Territories of Canada in Alphabetical Order - Statistics

General Stats
  • This quiz has been taken 11 times
  • The average score is 11 of 13
Answer Stats
Answer % Correct
Alberta
100%
British Columbia
100%
Nova Scotia
89%
Ontario
89%
Quebec
89%
Manitoba
78%
New Brunswick
78%
Newfoundland and Labrador
78%
Northwest Territories
78%
Nunavut
78%
Prince Edward Island
78%
Saskatchewan
78%
Yukon
78%
No matching quizzes found
Score Distribution
Percent of People with Each Score
Percentile by Number Answered
Your Score History
You have not taken this quiz